书目信息 |
| 题名: |
税法应试指南
|
|
| 作者: | 奚卫华 主编 ;中华会计网校 编 | |
| 分册: | 下 | |
| 出版信息: | 北京 人民出版社 2019 |
|
| 页数: | 2册(557页) | |
| 开本: | 26cm | |
| 丛书名: | 梦想成真系列辅导丛书 | |
| 单 册: | ||
| 中图分类: | D922.220.4 , D922.2 | |
| 科图分类: | ||
| 主题词: | 税法--中国--统一考试--自学参考资料 | |
| 电子资源: | ||
| ISBN: | 978-7-01-020308-9 | |
| 000 | 01038nam0 2200265 450 | |
| 001 | 2363309727 | |
| 005 | 20231214173554.40 | |
| 010 | @a978-7-01-020308-9@dCNY 45.00 | |
| 100 | @a20190523d2019 em y0chiy0120 ea | |
| 101 | 0 | @achi |
| 102 | @aCN@b110000 | |
| 105 | @ay zq 000yy | |
| 200 | 1 | @a税法应试指南@Ashui fa ying shi zhi nan@b专著@h下@f奚卫华主编@g中华会计网校编 |
| 210 | @a北京@c人民出版社@d2019 | |
| 215 | @a2册(557页)@d26cm | |
| 225 | 1 | @a梦想成真系列辅导丛书 |
| 300 | @a2019年注册会计师梦想成真系列 2019年注册会计师全国统一考试·进阶1 | |
| 330 | @a本书内容包括:考情分析及应试方法、应试指导及同步训练、易错易混知识点辨析、考前预测试题。涉及税法总论、增值税法、消费税法、企业所得税法、个人所得税法、关税法和船舶吨税法、资源税法和环境保护税法等内容。 | |
| 606 | 0 | @a税法@y中国@x统一考试@j自学参考资料 |
| 690 | @aD922.220.4@v5 | |
| 690 | @aD922.2@v4 | |
| 701 | 0 | @a奚卫华@Axi wei hua@4主编 |
| 712 | 02 | @a中华会计网校@Azhong hua kuai ji wang xiao@4编 |
| 801 | 2 | @aCN@b辽宁北配@c20231205 |
| 905 | @aZUCC@dD922.2@e39:2 | |
| 税法应试指南.下/奚卫华主编/中华会计网校编.-北京:人民出版社,2019 |
| 2册(557页);26cm.-(梦想成真系列辅导丛书) |
| 2019年注册会计师梦想成真系列 2019年注册会计师全国统一考试·进阶1 |
| ISBN 978-7-01-020308-9:CNY 45.00 |
| 本书内容包括:考情分析及应试方法、应试指导及同步训练、易错易混知识点辨析、考前预测试题。涉及税法总论、增值税法、消费税法、企业所得税法、个人所得税法、关税法和船舶吨税法、资源税法和环境保护税法等内容。 |
| ● |
| 相关链接 |
|
|
|
正题名:税法应试指南
索取号:D922.2/39:2
 
预约/预借
| 序号 | 登录号 | 条形码 | 馆藏地/架位号 | 状态 | 备注 |
| 1 | 2001518385 | 2001518385 | 第四书库/170/ [索取号:D922.2/39:2] | 在馆 | |
| 2 | 2001518386 | 2001518386 | 第四书库/170/ [索取号:D922.2/39:2] | 在馆 | |
| 3 | 2001518387 | 2001518387 | 第四书库/170/ [索取号:D922.2/39:2] | 在馆 | |
| 4 | 2001518388 | 2001518388 | 第四书库/170/ [索取号:D922.2/39:2] | 在馆 | |
| 5 | 2001518389 | 2001518389 | 第四书库/170/ [索取号:D922.2/39:2] | 在馆 | |
| 6 | 2001518390 | 2001518390 | 第四书库/170/ [索取号:D922.2/39:2] | 在馆 | |
| 7 | 2001518391 | 2001518391 | 第四书库/170/ [索取号:D922.2/39:2] | 在馆 | |
| 8 | 2001518392 | 2001518392 | 第四书库/170/ [索取号:D922.2/39:2] | 在馆 | |
| 9 | 2001518393 | 2001518393 | 第四书库/170/ [索取号:D922.2/39:2] | 在馆 | |
| 10 | 2001518394 | 2001518394 | 第四书库/170/ [索取号:D922.2/39:2] | 在馆 | |
| 11 | 2001518395 | 2001518395 | 第四书库/170/ [索取号:D922.2/39:2] | 在馆 | |
| 12 | 2001518396 | 2001518396 | 第四书库/170/ [索取号:D922.2/39:2] | 在馆 | |
| 13 | 2001518397 | 2001518397 | 第四书库/170/ [索取号:D922.2/39:2] | 在馆 | |
| 14 | 2001518398 | 2001518398 | 第四书库/170/ [索取号:D922.2/39:2] | 在馆 | |
| 15 | 2001518399 | 2001518399 | 第四书库/170/ [索取号:D922.2/39:2] | 在馆 | |
| 16 | 2001518400 | 2001518400 | 第四书库/170/ [索取号:D922.2/39:2] | 在馆 | |
| 17 | 2001518401 | 2001518401 | 第四书库/170/ [索取号:D922.2/39:2] | 在馆 | |
| 18 | 2001518402 | 2001518402 | 第四书库/170/ [索取号:D922.2/39:2] | 在馆 | |
| 19 | 2001518403 | 2001518403 | 第四书库/170/ [索取号:D922.2/39:2] | 在馆 | |
| 20 | 2001518404 | 2001518404 | 第四书库/170/ [索取号:D922.2/39:2] | 在馆 |